Score 0/24 Timer 04:00
0 Plays Today
Title Missing Word % Correct
Jailhouse ____Rock
98.4%
The ____ EscapeGreat
96.4%
The Shawshank ____Redemption
96.3%
Cool Hand ____Luke
95.1%
The ____ MileGreen
94.9%
The ____ of Monte CristoCount
93%
Dead Man ____Walking
92.4%
In the ____ of the FatherName
90.3%
The Longest ____Yard
89.2%
Take the ____ and RunMoney
89.2%
Escape from ____Alcatraz
87.8%
Stir ____Crazy
81.4%
Title Missing Word % Correct
____ History XAmerican
80.5%
Blood In ____ OutBlood
56.1%
____ ExpressMidnight
48.2%
____ FactoryAnimal
33.8%
Escape ____Plan
31.9%
____ BoysBad
29.5%
Caged ____Heat
28.3%
____ to VictoryEscape
27.1%
____ 211Cell
20.7%
____ MachineMean
17.9%
Down by ____Law
15.2%
Starred ____Up
12.9%

Today's Daily Dose

Remove Ads.
Support Sporcle.
Get the best of Sporcle when you Go Orange. This ad-free experience offers more features, more stats, and more fun while also helping to support Sporcle. Thank you for becoming a member.

You're not logged in!

Compare scores with friends on all Sporcle quizzes.
OR
Log In

Show Comments

Extras

Top Quizzes Today


Score Distribution

Your Account Isn't Verified!

In order to create a playlist on Sporcle, you need to verify the email address you used during registration. Go to your Sporcle Settings to finish the process.

Report this User

Report this user for behavior that violates our Community Guidelines.

Details: